| 000 | 00783nam a2200265 i 4500 | ||
|---|---|---|---|
| 001 | 13269 | ||
| 003 | ES-MaACL | ||
| 005 | 20250905163513.0 | ||
| 007 | t| | ||
| 008 | 980120s1994 sp ||||1| spa d | ||
| 020 | _a84-7118-989-5 | ||
| 080 | _a929 Teresa de Calcuta | ||
| 080 | _a271 | ||
| 100 | 1 |
_aLe Joly, Edward. _970894 |
|
| 245 | 1 | 3 |
_aLa madre Teresa _b: lo hacemos por Jesús / _cEdward Le Joly. |
| 250 | _a5ª ed. aum. | ||
| 260 |
_aMadrid : _bPalabra, _c1994. |
||
| 300 |
_a444 p. ; _c22 cm. |
||
| 490 | 1 | _aAyer y hoy de la historia | |
| 600 | 0 | 4 |
_aTeresa de Calcuta, _cMadre, _cBeata, _d1910-1997 _9109737 |
| 610 | 2 | 7 |
_aMisioneras de la Caridad. _95725 |
| 830 | 1 |
_aAyer y hoy de la historia _9179460 |
|
| 852 |
_aES-MaACL _jL-20631 |
||
| 999 |
_c13269 _d13269 |
||